| 000 | 00584nam a22001937a 4500 | ||
|---|---|---|---|
| 999 |
_c25348 _d25348 |
||
| 003 | OSt | ||
| 005 | 20210611100045.0 | ||
| 008 | 170320b xxu||||| |||| 00| 0 eng d | ||
| 020 | _a9780176105419 | ||
| 040 |
_aMMU _beng. _cMMU _dMMU |
||
| 050 | _aFC640.C76 2009 | ||
| 245 |
_aCrosscurrents: _bcontemporary political issues/ _cedited by Mark Charlton & Paul Barker. |
||
| 250 | _a6th ed. | ||
| 260 |
_aToronto: _bNelson Education, _c2009. |
||
| 300 | _axi,386p.; | ||
| 500 | _aIncludes bibliographical references. | ||
| 650 |
_aPolitics and government. _9247 |
||
| 942 |
_2lcc _cLOAN LOAN |
||